Acuarelas de Auguste Le Moyne : (Registro nro. 15441)
[ vista simple ]
| 000 -LEADER | |
|---|---|
| fixed length control field | 01077nam a22002657a 4500 |
| 003 - CONTROL NUMBER IDENTIFIER | |
| control field | OSt |
| 005 - DATE AND TIME OF LATEST TRANSACTION | |
| control field | 20210319113055.0 |
| 008 - FIXED-LENGTH DATA ELEMENTS--GENERAL INFORMATION | |
| fixed length control field | 210319b1945 ck ao||gr|||| 00| 0 spa d |
| 040 ## - CATALOGING SOURCE | |
| Original cataloging agency | CO-JMCR |
| Transcribing agency | CO-JMCR |
| 041 0# - LANGUAGE CODE | |
| Language code of text/sound track or separate title | spa |
| 082 04 - DEWEY DECIMAL CLASSIFICATION NUMBER | |
| Classification number | 759.986 / |
| Item number | L433a |
| Edition number | 23 |
| 100 1# - MAIN ENTRY--PERSONAL NAME | |
| Personal name | Le Moyne, Auguste, |
| Dates associated with a name | 1800-1880. |
| Relator term | autor |
| 9 (RLIN) | 36342 |
| 245 10 - TITLE STATEMENT | |
| Title | Acuarelas de Auguste Le Moyne : |
| Remainder of title | impresiones de Colombia : 1828-1839 / |
| Statement of responsibility, etc. | Auguste Le Moyne, Beatriz González. |
| 260 ## - PUBLICATION, DISTRIBUTION, ETC. | |
| Place of publication, distribution, etc. | Bogotá : |
| Name of publisher, distributor, etc. | Fitch Ratings, |
| Date of publication, distribution, etc. | [fecha de publicación no identificada]. |
| 300 ## - PHYSICAL DESCRIPTION | |
| Extent | 83, [2] páginas : |
| Other physical details | ilustraciones ; |
| Dimensions | 23 x 30 cm. |
| 505 0# - FORMATTED CONTENTS NOTE | |
| Formatted contents note | Bibliografía de Auguste Le Moyne |
| 600 1# - SUBJECT ADDED ENTRY--PERSONAL NAME | |
| Personal name | Le Moyne, Auguste, |
| Chronological subdivision | 1800-1880 |
| 9 (RLIN) | 36343 |
| 650 14 - SUBJECT ADDED ENTRY--TOPICAL TERM | |
| Topical term or geographic name entry element | Trabajos pictóricos |
| General subdivision | Catálogos |
| 9 (RLIN) | 36344 |
| 650 24 - SUBJECT ADDED ENTRY--TOPICAL TERM | |
| Topical term or geographic name entry element | Museo Nacional de Colombia |
| General subdivision | Colecciones de pintura |
| 9 (RLIN) | 36345 |
| 650 24 - SUBJECT ADDED ENTRY--TOPICAL TERM | |
| Topical term or geographic name entry element | Catálogos |
| General subdivision | Pintura colombiana. Acuarelas |
| 9 (RLIN) | 36346 |
| 650 24 - SUBJECT ADDED ENTRY--TOPICAL TERM | |
| Topical term or geographic name entry element | Catálogos |
| General subdivision | Pintores colombianos |
| 9 (RLIN) | 36347 |
| 650 24 - SUBJECT ADDED ENTRY--TOPICAL TERM | |
| Topical term or geographic name entry element | Colombia en el arte |
| General subdivision | Catálogos |
| 9 (RLIN) | 36348 |
| 700 14 - ADDED ENTRY--PERSONAL NAME | |
| Personal name | González, Beatriz. |
| Relator term | coautora |
| 9 (RLIN) | 36349 |
| 942 ## - ADDED ENTRY ELEMENTS (KOHA) | |
| Source of classification or shelving scheme | Dewey Decimal Classification |
| Koha item type | Books |
| Withdrawn status | Lost status | Source of classification or shelving scheme | Damaged status | Not for loan | Home library | Current library | Shelving location | Date acquired | Source of acquisition | Total Checkouts | Full call number | Barcode | Date last seen | Copy number | Price effective from | Koha item type |
|---|---|---|---|---|---|---|---|---|---|---|---|---|---|---|---|---|
| Dewey Decimal Classification | Biblioteca Pública José María del Castillo y Rada | Biblioteca Pública José María del Castillo y Rada | General Stacks | Donación | 759.986 / L433a | 201810940 | 05/16/2024 | Ej.1 | Books |